A lakosság jobb élelmiszer-ellátásáért

Elmentve itt :
Bibliográfiai részletek
Dokumentumtípus: Cikk
Megjelent: 1964-05-01
Sorozat:Délmagyarország 54 No. 101
Kulcsszavak:Élelmiszerellátás szervezése Szeged 1964, élelmiszer
Online Access:http://dmarchiv.bibl.u-szeged.hu/69001
LEADER 00457nab a2200145 i 4500
001 delm69001
005 20180927153746.0
008 180927s1964 hu o 0|| hun d
040 |a SZTE Délmagyarország Archívum  |b hun 
041 |a hun 
245 0 2 |a A lakosság jobb élelmiszer-ellátásáért  |h [elektronikus dokumentum] 
260 |c 1964-05-01 
300 |a 3 
490 0 |a Délmagyarország  |v 54 No. 101 
695 |a Élelmiszerellátás szervezése Szeged 1964, élelmiszer